000 00713cam a2200205 i 4500
001 49483
005 20230410102020.0
008 071112b1979 dr a 000 0 spa
040 _aDRFGD
_ b spa
041 0 _aspa
050 1 4 _a118 HC 153.5
_bL754 1979
245 1 0 _aLineamientos de la nueva política económica dominicana bajo el gobierno del Presidente Guzmán /
_cAntonio Guzmán Fernández.
260 _aSanto Domingo :
_bCentro Dominicano de Promoción de Expotaciones - CEDOPEX,
_c1979.
300 _a137 p.
_bill.
651 0 _aDominican Republic
_xEconomic policy.
651 0 _aDominican Republic
_xSocial policy.
700 1 _aGuzmán Fernández, Antonio.
942 _2lcc
_cbk
946 _aclperez
999 _c17354
_d17354